People Who Served in WWII- Sudden Death - Statistics

General Stats
  • This quiz has been taken 19 times
  • The average score is 3 of 18
Answers on the Grid
Answers color-coded by a green-red scale on the quiz's grid according to % correct below.
Julia Child
Christopher Lee
Charlton Heston
Clark Gable
John F. Kennedy
George H.W. Bush
Ronald Reagan
Yogi Berra
Kurt Vonnegut
Audrey Hepburn
Don Rickles
Betty White
Bob Barker
Jimmy Carter
Sidney Poitier
Charles de Gaulle
Mel Brooks
Alec Guinness
Margaret Thatcher
Jerry Lewis
Jesse Owens
George W. Bush
Stephen Hawking
J.R.R. Tolkien
Arthur Conan Doyle
Hayao Miyazaki
Babe Ruth
Ian McKellen
Harper Lee
Frank Sinatra
Walt Disney
David Attenborough
Marlon Brando
Elvis Presley
John Wayne
Clint Eastwood
James Dean
Neil Armstrong
Mikhail Gorbachev
George Washington
 
Answer Stats
Answer % Correct
John F. Kennedy
46%
George H.W. Bush
38%
Jimmy Carter
31%
Ronald Reagan
31%
Alec Guinness
23%
Charles de Gaulle
23%
Audrey Hepburn
15%
Kurt Vonnegut
15%
Mel Brooks
15%
Charlton Heston
8%
Clark Gable
8%
Yogi Berra
8%
Betty White
0%
Bob Barker
0%
Christopher Lee
0%
Don Rickles
0%
Julia Child
0%
Sidney Poitier
0%
No matching quizzes found
Score Distribution
Percent of People with Each Score
Percentile by Number Answered
Your Score History
You have not taken this quiz